000 00804cam a2200229 4500
001 WB3630-06
008 000000n2000 000 0 eng u
035 _a(Sirsi) u107450
245 _aBid for buildings
260 _c2000
490 _aGuardian
_v31 July 2000, 19
490 _aFinancial Times
_v4 August 2000, 2(2)
520 _aGlobal financier George Soros could become one of the largest property owners in the UK if his bid for 750 government buildings goes ahead. The sale is part of the strategic transfer of estate to the private sector programme (STEPS).
590 _aWB
650 _aGOVERNMENT BUILDINGS
650 _aPUBLIC ASSETS
650 _aSALE AND LEASEBACK
650 _aGOVERNMENT ESTATE
650 _aSTEPS
690 _aPROPERTY-COMMERCIAL PROPERTY
942 _n0
999 _c64228
_d64228